000 00212nam a2200097Ia 4500
008 220204s9999 xx 000 0 und d
082 _a82-3
_bHUN
100 _aHunter, Evan
245 0 _aSecond ending
942 _cBK
999 _c30998
_d30998